Aristóteles (bases para la historia de su desarrollo intelectual)

Gespeichert in:
Bibliographische Detailangaben
1. Verfasser: Jaeger, Werner
Format: Buch
Sprache:Undetermined
Veröffentlicht: México, Distrito Federal Fondo de Cultura Económica 1992
Schlagworte:
Tags: Tag hinzufügen
Keine Tags, Fügen Sie den ersten Tag hinzu!

MARC

LEADER 00000nam a2200000Ia 4500
008 170316s9999 xx 000 0 und d
090 |a 100 J-1a 
100 |a Jaeger, Werner 
245 |a Aristóteles (bases para la historia de su desarrollo intelectual) 
260 |a México, Distrito Federal 
260 |b Fondo de Cultura Económica 
260 |c 1992 
300 |a 557 páginas 
650 |a FILOSOFÍA 
650 |a ARISTÓTELES 
999 |c 16591  |d 16591 
040 |a cru BVZT 
942 |c 15 D  |h 100 J-1a  |2 z